000 01430nam a22003857a 4500
003 CHAP
005 20220817044134.0
008 061128d2006 mx abd r 00110 spa d
010 _a93087
011 _a94059
035 _a104643
040 _cCHAP
090 _aTesis
100 1 _aIslas Madrid, Gloria Elena
_960601
245 1 0 _aPlan de manejo del zacatuche (Romerolagus diaz) para fomentar su reproducción
_c/por Gloria Elena Islas Madrid
260 _aChapingo, Méx. :
_bEl autor,
_c2006
300 _a48 h. :
_bilus. ; mapas ; cuadros
502 _aTesis (Ing. en Recursos Naturales Renovables) -- UACH. Departamento de Suelos
590 _aALEPH
_b10
_c20130110
_lUCH01
_h1515
590 _aBATCH-UPD
_b10
_c20130110
_lUCH01
_h0321
590 _aBATCH-UPD
_b10
_c20130110
_lUCH01
_h2205
590 _aBATCH-UPD
_b10
_c20130409
_lUCH01
_h2354
590 _aBATCH-UPD
_b10
_c20130410
_lUCH01
_h1510
590 _aBATCH-UPD
_b10
_c20130914
_lUCH01
_h1028
590 _aCONVERSION
_b10
_c20130109
_lUCH01
_h1351
650 1 4 _aConejos
_xReproducción.
_926378
650 1 4 _aLagomorfos.
650 1 4 _aVida silvestre y agricultura.
_9119213
650 1 4 _aVida silvestre
_xConservación.
_9119166
901 _aBK
905 _aMarco A. Mendoza T.
942 _cFOLL
949 _aTesis
_bBC
_cTES
_d33724002008595
_eTS1
_gDonaciØn
_h46095
_i104643
_sb
949 _aTesis
_bBC
_cTES
_d33724002008603
_eTS2
_fc.2
_gDonaciØn
_h46096
_i104643
_si
999 _c93087
_d93087